Candidats aux élections présidentielles françaises depuis 2002 - Statistiques

Statistiques générales
  • Ce quiz a été pris 37 fois
  • Le résultat moyen est 43 sur 61
Statistiques - réponses
Année Réponse % Correct
Emmanuel Macron
100%
Emmanuel Macron
100%
Nicolas Sarkozy
100%
Nicolas Sarkozy
100%
Jean-Marie Le Pen
97%
Jean-Marie Le Pen
97%
Marine Le Pen
97%
Marine Le Pen
97%
Marine Le Pen
97%
François Hollande
94%
Jean-Luc Mélenchon
94%
Jean-Luc Mélenchon
94%
Jean-Luc Mélenchon
94%
Philippe Poutou
94%
Philippe Poutou
94%
Philippe Poutou
94%
Jacques Chirac
92%
François Fillon
89%
Ségolène Royal
89%
Valérie Pécresse
89%
Anne Hidalgo
83%
Eric Zemmour
83%
Jean Lassalle
83%
Jean Lassalle
83%
Lionel Jospin
83%
2022 Nathalie Arthaud
83%
2017 Nathalie Arthaud
83%
2012 Nathalie Arthaud
83%
Nicolas Dupont-Aignan
81%
Nicolas Dupont-Aignan
81%
Nicolas Dupont-Aignan
81%
François Bayrou
78%
2007 François Bayrou
78%
2002 François Bayrou
78%
Benoît Hamon
72%
François Asselineau
72%
Arlette Laguiller
69%
Arlette Laguiller
69%
Fabien Roussel
69%
Jacques Cheminade
69%
Jacques Cheminade
69%
Yannick Jadot
69%
Olivier Besancenot
67%
Olivier Besancenot
67%
Christiane Taubira
61%
Eva Joly
61%
Robert Hue
50%
Noël Mamère
44%
Jean-Pierre Chevènement
42%
Philippe de Villiers
39%
José Bové
36%
Dominique Voynet
33%
Marie-George Buffet
33%
Bruno Mégret
28%
Corinne Lepage
25%
Gérard Schivardi
25%
Alain Madelin
22%
Christine Boutin
22%
Frédéric Nihous
22%
Jean Saint-Josse
19%
Daniel Gluckstein
14%
Aucun quiz correspondant
Distribution des résultats
% des personnes avec chaque résultat
Percentile par nombre de réponses
Votre historique - résultats
Vous n’avez pas pris ce quiz